Trademark valuation

Enregistré dans:
Détails bibliographiques
Auteur principal: Smith, Gordon V.
Format: Livre
Langue:anglais
Publié: New York John Wiley and Sons, Inc. 1997
Collection:Intellectual property series
Sujets:
Tags: Ajouter un tag
Pas de tags, Soyez le premier à ajouter un tag!

MARC

LEADER 00000nam a2200000 4500
001 c101203
005 20221124075018.1
020 |a 0-471-14112-7 
041 0 |a eng 
044 |a US 
245 1 0 |a Trademark valuation  |c Gordon V. Smith 
264 1 |a New York  |b John Wiley and Sons, Inc.  |c 1997 
300 |a 293 s. 
490 1 |a Intellectual property series 
830 0 |a Intellectual property series 
610 2 0 |a známky ochranné 
610 2 0 |a oceňovanie 
610 2 0 |a oceňovanie ekonomické 
610 2 0 |a meno obchodné 
610 2 0 |a podnikanie medzinárodné 
610 2 0 |a podnikanie obchodné 
610 2 0 |a trh 
610 2 0 |a experti 
100 1 |a Smith, Gordon V.